Datum a čas kvízu
25.5
Celkem bodů
Celkový počet nahraných bodů na tomto kvízu bez doplňovacích otázek.
14.
Pořadí na kvízu
Konečné umístění týmu na tomto kvízu.
Zaznamenané odpovědi
| # | Otázka | Odpověď | Body | Výsledky |
|---|---|---|---|---|
| 1. | Návštěvníci Pražského hradu mo... | C) včelín | 0 | |
| 2. | Kanaďan Nick Chowdhury před 33... | A | 0 | |
| 3. | Ve kterém městě začal minulý t... | ve Zlíně | 1 | |
| 4. | Kvůli nařízení Evropské unie t... | Alfa Romeo | 1 | |
| 5. | Minulý týden se dostala do méd... | David Limberský | 1 | |
| 6. | Kterým výrazem na písmeno M se... | mixologie | 1 | |
| 7. | Ernest Hemingway měl údajně v... | Daiquiri | 1 | |
| 8. | Oblíbenou složkou míchaných ná... | pomeranči | 1 | |
| 9. | Ve filmu Někdo to rád horké se... | Manhattan | 0 | |
| 10. | V poslední otázce se podíváme... | vaječný likér; griotku | 1 |